[Event "WchT Seniors 65"]
[Site "Radebeul"]
[Date "2016.07.01"]
[Round "6.15"]
[White "Jung, Werner"]
[Black "Schwier, Manfred"]
[Result "1/2-1/2"]
[WhiteElo "1973"]
[BlackElo "2031"]
[PlyCount "20"]
[EventDate "2016.06.26"]
[EventType "team-swiss"]
[EventRounds "9"]
[EventCountry "GER"]
[SourceTitle "CBM 173 Extra"]
[Source "ChessBase"]
[SourceDate "2016.08.29"]
[SourceVersion "1"]
[SourceVersionDate "2016.08.29"]
[SourceQuality "1"]
[WhiteTeam "Mecklenburg Vorpommern"]
[BlackTeam "Dresden Springer"]
[WhiteTeamCountry "GER"]
[BlackTeamCountry "GER"]

1. e4 e5 2. Nc3 Nc6 3. Bc4 Nf6 4. d3 Be7 5. f4 exf4 6. Bxf4 d6 7. Nf3 0-0 8. 0-0 Na5 9. Bb3 Nxb3 10. axb3 c6 1/2-1/2

[Event "WchT Seniors 65"]
[Site "Radebeul"]
[Date "2016.06.29"]
[Round "4.1"]
[White "Schwier, Manfred"]
[Black "Hajenius, Willem"]
[Result "1-0"]
[WhiteElo "2031"]
[BlackElo "2008"]
[PlyCount "71"]
[EventDate "2016.06.26"]
[EventType "team-swiss"]
[EventRounds "9"]
[EventCountry "GER"]
[SourceTitle "CBM 173 Extra"]
[Source "ChessBase"]
[SourceDate "2016.08.29"]
[SourceVersion "1"]
[SourceVersionDate "2016.08.29"]
[SourceQuality "1"]
[WhiteTeam "Dresden Springer"]
[BlackTeam "Belgium II"]
[WhiteTeamCountry "GER"]
[BlackTeamCountry "BEL"]

1. e4 c5 2. Nf3 Nf6 3. Nc3 Nc6 4. Be2 d6 5. d4 cxd4 6. Nxd4 g6 7. 0-0 Bg7 8. Be3 0-0 9. h3 Bd7 10. Qd2 Rc8 11. a3 a6 12. Rac1 Re8 13. f4 Nxd4 14. Bxd4 Bc6 15. Qe3 e6 16. Bb6 Qd7 17. Rcd1 Ba4 18. e5 Rxc3 19. Qxc3 Nd5 20. Qa5 Bxc2 21. Rd2 Be4 22. Rd4 f5 23. exf6 Nxf6 24. Rfd1 d5 25. Bc7 Bc2 26. Rc1 Ng4 27. Rd2 Ne3 28. Rcxc2 Nxc2 29. Rxc2 Rc8 30. Bd3 Bd4+ 31. Kh1 Be3 32. Be5 g5 33. g3 b6 34. Rxc8+ Qxc8 35. Qc3 d4 36. Qc2 1-0

[Event "EU-chT Seniors 15th"]
[Site "Dresden"]
[Date "2013.07.22"]
[Round "3"]
[White "Denda, Ronald"]
[Black "Schwier, Manfred"]
[Result "1-0"]
[WhiteElo "2020"]
[BlackElo "2103"]
[PlyCount "99"]
[EventDate "2013.07.20"]
[EventType "team-swiss"]
[EventRounds "9"]
[EventCountry "GER"]
[SourceTitle "CBM 155 Extra"]
[Source "ChessBase"]
[SourceDate "2013.08.26"]
[SourceVersion "1"]
[SourceVersionDate "2013.08.26"]
[SourceQuality "1"]
[WhiteTeam "Rheno Palatinat"]
[BlackTeam "Dresden Springer"]
[WhiteTeamCountry "GER"]
[BlackTeamCountry "GER"]

1. e4 d5 2. exd5 Qxd5 3. Nc3 Qa5 4. d4 Nf6 5. Nf3 Bf5 6. Bd3 Nbd7 7. 0-0 c6 8. Ne2 Bg4 9. Ng3 e6 10. h3 Bxf3 11. Qxf3 Be7 12. c3 Qb6 13. Re1 a5 14. b3 Rd8 15. Bb2 Kf8 16. Re2 h5 17. Rae1 Kg8 18. Nf5 Bf8 19. Ne3 Qc7 20. Nc4 b5 21. Ne5 Nxe5 22. Rxe5 Bd6 23. Rg5 Kf8 24. c4 b4 25. d5 e5 26. Bxe5 Bxe5 27. Rgxe5 cxd5 28. cxd5 Qd6 29. Bc4 Rh6 30. Qe3 Kg8 31. Qa7 Rd7 32. Qxa5 g6 33. Qa8+ Kg7 34. Qc6 Rh8 35. Qxd6 Rxd6 36. Rd1 Ra8 37. Rd2 Ra5 38. f4 Rc5 39. Kf2 Nd7 40. Re4 Nb6 41. Red4 Ra5 42. Kf3 f5 43. g4 hxg4+ 44. hxg4 fxg4+ 45. Kxg4 Kf6 46. Re2 Kf7 47. Rde4 Nxd5 48. Bxd5+ Raxd5 49. Rxb4 Rd1 50. Rg2 1-0

[Event "GER-ch Seniors"]
[Site "Dresden"]
[Date "2012.08.17"]
[Round "9"]
[White "Barlage, Tonio"]
[Black "Schwier, Manfred"]
[Result "1-0"]
[WhiteElo "1970"]
[BlackElo "2118"]
[PlyCount "115"]
[EventDate "2012.08.09"]
[EventType "swiss"]
[EventRounds "9"]
[EventCountry "GER"]
[SourceTitle "EXT 2014"]
[Source "ChessBase"]
[SourceDate "2013.11.20"]
[SourceVersion "1"]
[SourceVersionDate "2013.11.20"]
[SourceQuality "1"]

1. c4 e5 2. g3 Nf6 3. Bg2 c6 4. Nf3 d6 5. 0-0 Be7 6. d3 0-0 7. b4 Qc7 8. Bb2 Bg4 9. Nbd2 Nbd7 10. Rc1 Rad8 11. h3 Bh5 12. a3 h6 13. Nh4 Rfe8 14. g4 Nh7 15. Nf5 Bg6 16. Nxe7+ Rxe7 17. Nf3 Nhf8 18. Nh4 Rde8 19. Qd2 Nf6 20. Nf5 Rd7 21. e4 Bxf5 22. gxf5 Nh5 23. Kh2 Qd8 24. Rg1 Qh4 25. Bf1 Qf4+ 26. Qxf4 Nxf4 27. f3 g5 28. d4 f6 29. Rc2 Kh7 30. Kg3 Rc8 31. Rh1 b6 32. h4 Rg7 33. hxg5 Rxg5+ 34. Kf2 Kg7 35. Bc1 h5 36. Rh4 Nd7 37. Bxf4 exf4 38. Rxf4 Kh6 39. Rh4 Rcg8 40. Rh1 c5 41. Rd2 cxb4 42. axb4 R8g7 43. Ke3 Rg1 44. Rdh2 Rxh1 45. Rxh1 a5 46. bxa5 bxa5 47. Be2 a4 48. f4 Rg3+ 49. Bf3 a3 50. Rxh5+ Kg7 51. Rh1 Kf7 52. Ra1 Nb6 53. Kf2 Rh3 54. Kg2 Rh8 55. e5 fxe5 56. fxe5 dxe5 57. dxe5 Rd8 58. Bh5+ 1-0

[Event "GER-ch Seniors"]
[Site "Dresden"]
[Date "2012.08.15"]
[Round "7"]
[White "Petzold, Hans"]
[Black "Schwier, Manfred"]
[Result "1/2-1/2"]
[WhiteElo "2156"]
[BlackElo "2118"]
[PlyCount "24"]
[EventDate "2012.08.09"]
[EventType "swiss"]
[EventRounds "9"]
[EventCountry "GER"]
[SourceTitle "EXT 2014"]
[Source "ChessBase"]
[SourceDate "2013.11.20"]
[SourceVersion "1"]
[SourceVersionDate "2013.11.20"]
[SourceQuality "1"]

1. e4 d5 2. Nc3 dxe4 3. Nxe4 Bf5 4. Ng3 Bg6 5. Nf3 Nd7 6. d4 e6 7. Bd3 Ngf6 8. h4 Bd6 9. Rh3 c6 10. h5 Bxd3 11. Qxd3 h6 12. Bd2 Qc7 1/2-1/2

[Event "GER-ch Seniors"]
[Site "Dresden"]
[Date "2012.08.11"]
[Round "3"]
[White "Hess, Christian"]
[Black "Schwier, Manfred"]
[Result "1-0"]
[WhiteElo "2259"]
[BlackElo "2118"]
[PlyCount "30"]
[EventDate "2012.08.09"]
[EventType "swiss"]
[EventRounds "9"]
[EventCountry "GER"]
[SourceTitle "EXT 2014"]
[Source "ChessBase"]
[SourceDate "2013.11.20"]
[SourceVersion "1"]
[SourceVersionDate "2013.11.20"]
[SourceQuality "1"]

1. Nf3 d5 2. g3 e6 3. Bg2 Bd6 4. 0-0 f5 5. d3 c6 6. e4 Ne7 7. c4 dxc4 8. dxc4 0-0 9. Nc3 Qc7 10. Qe2 Ng6 11. Ng5 Ne5 12. exf5 exf5 13. Bf3 h6 14. c5 Nxf3+ 15. Nxf3 Be7 1-0

[Event "GER-ch Seniors"]
[Site "Dresden"]
[Date "2012.08.10"]
[Round "2"]
[White "Schwier, Manfred"]
[Black "Galicki, Ryszard"]
[Result "0-1"]
[WhiteElo "2118"]
[BlackElo "1975"]
[PlyCount "157"]
[EventDate "2012.08.09"]
[EventType "swiss"]
[EventRounds "9"]
[EventCountry "GER"]
[SourceTitle "EXT 2014"]
[Source "ChessBase"]
[SourceDate "2013.11.20"]
[SourceVersion "1"]
[SourceVersionDate "2013.11.20"]
[SourceQuality "1"]

1. e4 c5 2. Nf3 Nc6 3. c3 d5 4. exd5 Qxd5 5. Be2 e5 6. d3 Bf5 7. Nh4 Be6 8. 0-0 Be7 9. Nf3 Rd8 10. Qa4 Nf6 11. Na3 0-0 12. Nc2 Qd7 13. Kh1 Bf5 14. Nfe1 Nd5 15. Ne3 Nb6 16. Qb5 Be6 17. Nc4 Nxc4 18. dxc4 e4 19. Be3 b6 20. Nc2 Qb7 21. f4 f5 22. Na3 Na5 23. Qa4 a6 24. Qc2 Bf6 25. Rab1 Qf7 26. b3 h6 27. Rg1 h5 28. Rbc1 Nc6 29. Nb1 g6 30. h3 h4 31. Bf1 Rd7 32. Qf2 Qh7 33. b4 cxb4 34. Bxb6 bxc3 35. Nxc3 Qg7 36. Nd5 Bd4 37. Bxd4 Qxd4 38. Qxh4 Kg7 39. Qg3 Qd2 40. Qe1 Qxe1 41. Rxe1 Bxd5 42. cxd5 Nb4 43. Bc4 Nxd5 44. g3 a5 45. Rg2 Rc8 46. Ba6 Rc3 47. Kh2 Nb4 48. Bb5 Rd5 49. a4 Rc2 50. Rge2 Rdc5 51. h4 Kh6 52. Kh3 R5c3 53. Kh2 Rxe2+ 54. Rxe2 Rc2 55. Kg2 Rxe2+ 56. Bxe2 Nc2 57. Bb5 Nd4 58. Kf2 Nc2 59. Be8 Kg7 60. h5 gxh5 61. Bxh5 Nb4 62. Ke3 Nc6 63. Be8 Nb4 64. Kd4 Kf6 65. Bd7 Nc2+ 66. Kc3 Ne3 67. Bb5 Ke6 68. Kd4 Nc2+ 69. Kc5 e3 70. Bd3 Ke7 71. Kc4 Kd6 72. Kc3 Nb4 73. Bxf5 Kc5 74. Bg6 Nd5+ 75. Kd3 Kb4 76. Bh5 e2 77. Bxe2 Kxa4 78. Kd4 Ne7 79. Ke4 0-1

[Event "EU-chT Seniors 12th"]
[Site "Dresden"]
[Date "2010.02.16"]
[Round "7"]
[White "Schwier, Manfred"]
[Black "Mai, Hartmut"]
[Result "1-0"]
[WhiteElo "2165"]
[BlackElo "1933"]
[PlyCount "61"]
[EventDate "2010.02.10"]
[EventType "team-swiss"]
[EventRounds "9"]
[EventCountry "GER"]
[SourceTitle "CBM 134 Extra"]
[Source "ChessBase"]
[SourceDate "2010.03.03"]
[SourceVersion "1"]
[SourceVersionDate "2010.03.03"]
[SourceQuality "1"]
[WhiteTeam "Dresden Lokomotiv (Seniors)"]
[BlackTeam "Stiftung BSW/DBAG (Seniors) III"]
[WhiteTeamCountry "GER"]
[BlackTeamCountry "GER"]

1. e4 d5 2. exd5 Qxd5 3. Nc3 Qa5 4. d4 c6 5. Bc4 Bf5 6. Nf3 Nf6 7. Bd2 e6 8. Nh4 Bg6 9. Nxg6 hxg6 10. Qe2 Qb6 11. 0-0-0 Bb4 12. d5 cxd5 13. Nxd5 Bxd2+ 14. Rxd2 Nxd5 15. Rxd5 0-0 16. Rb5 Qc7 17. h4 Nc6 18. c3 a6 19. Rc5 Qd6 20. Qe3 b5 21. Rd1 Qc7 22. Be2 Qb6 23. Rd6 Qa5 24. Rcxc6 Qxa2 25. Qd3 a5 26. Qb1 Qa4 27. f3 b4 28. b3 Qa3+ 29. Qb2 Rab8 30. Qxa3 bxa3 31. Bc4 1-0

[Event "EU-chT Seniors 12th"]
[Site "Dresden"]
[Date "2010.02.12"]
[Round "3"]
[White "Schwier, Manfred"]
[Black "Paulsen, Eckart"]
[Result "1-0"]
[WhiteElo "2165"]
[BlackElo "1868"]
[PlyCount "81"]
[EventDate "2010.02.10"]
[EventType "team-swiss"]
[EventRounds "9"]
[EventCountry "GER"]
[SourceTitle "CBM 134 Extra"]
[Source "ChessBase"]
[SourceDate "2010.03.03"]
[SourceVersion "1"]
[SourceVersionDate "2010.03.03"]
[SourceQuality "1"]
[WhiteTeam "Dresden Lokomotiv (Seniors)"]
[BlackTeam "Rheinland Mattadore Seniors"]
[WhiteTeamCountry "GER"]
[BlackTeamCountry "GER"]

1. e4 c5 2. Nf3 e6 3. d4 cxd4 4. Nxd4 a6 5. Be3 Nf6 6. Bd3 d6 7. 0-0 b6 8. c3 Bb7 9. f3 Nbd7 10. Nd2 Be7 11. Re1 0-0 12. Bf2 Qc7 13. Rc1 Rac8 14. b4 Qb8 15. Qb3 Rfe8 16. c4 Ne5 17. Bb1 Nfd7 18. Bg3 Nc6 19. Nxc6 Bxc6 20. a3 Red8 21. Nf1 Qa7 22. Ne3 Nf6 23. Bf2 Qb8 24. g4 h6 25. Bg3 Qb7 26. Qc2 g6 27. Qb2 Nh7 28. h4 Bf6 29. Qh2 Be7 30. Rcd1 d5 31. exd5 exd5 32. cxd5 Bxd5 33. Nxd5 Rxd5 34. Be4 Rcd8 35. Rxd5 Rxd5 36. Bxd5 Qxd5 37. Rxe7 Qd1+ 38. Be1 Qxf3 39. Qg3 Qd5 40. Qb8+ Nf8 41. Qe5 1-0

[Event "GER-ch Seniors 21st"]
[Site "Dresden"]
[Date "2009.08.07"]
[Round "6"]
[White "Groschup, Gerhard"]
[Black "Schwier, Manfred"]
[Result "1/2-1/2"]
[WhiteElo "1846"]
[BlackElo "2156"]
[PlyCount "79"]
[EventDate "2009.08.03"]
[EventType "swiss"]
[EventRounds "9"]
[EventCountry "GER"]
[SourceTitle "CBM 131 Extra"]
[Source "ChessBase"]
[SourceDate "2009.09.03"]
[SourceVersion "2"]
[SourceVersionDate "2009.09.16"]
[SourceQuality "1"]

1. d4 d5 2. c4 e6 3. cxd5 exd5 4. Nc3 Nf6 5. Nf3 Be7 6. e3 0-0 7. Bd3 Bg4 8. h3 Bh5 9. 0-0 c6 10. Bd2 a5 11. Rc1 Na6 12. a3 Nc7 13. g4 Bg6 14. Bxg6 hxg6 15. Qc2 Ne6 16. Kg2 Bd6 17. Ng1 g5 18. Nge2 Bc7 19. Be1 Qd6 20. Rh1 g6 21. f3 Rfe8 22. Bf2 Kg7 23. Rce1 Qd7 24. Bg3 Bxg3 25. Nxg3 Re7 26. Re2 Rae8 27. Rhe1 b5 28. Nd1 Qd6 29. Qd2 a4 30. Nf2 c5 31. dxc5 Qxc5 32. Nd3 Qb6 33. Nb4 d4 34. Kh2 Qd6 35. Qd3 Rd8 36. Qxb5 d3 37. Rd2 Nc5 38. Kg2 Re6 39. Qc6 Qe7 40. e4 1/2-1/2

[Event "EU-chT Seniors 10th"]
[Site "Dresden"]
[Date "2008.02.15"]
[Round "5.4"]
[White "Andersson, Kaj Ake"]
[Black "Schwier, Manfred"]
[Result "1/2-1/2"]
[WhiteElo "2155"]
[BlackElo "2117"]
[PlyCount "40"]
[EventDate "2008.02.11"]
[EventType "team-swiss"]
[EventRounds "9"]
[EventCountry "GER"]
[SourceTitle "CBM 122 Extra"]
[Source "ChessBase"]
[SourceDate "2008.03.04"]
[SourceVersion "1"]
[SourceVersionDate "2008.03.04"]
[SourceQuality "1"]
[WhiteTeam "Sweden"]
[BlackTeam "Dresden Lokomotiv"]
[WhiteTeamCountry "SWE"]
[BlackTeamCountry "GER"]

1. e4 d5 2. exd5 Qxd5 3. Nc3 Qa5 4. Bc4 Nf6 5. d3 c6 6. Bd2 Qc7 7. Qe2 Nbd7 8. Nf3 b5 9. Bb3 Nc5 10. Ne4 Nfxe4 11. dxe4 Bb7 12. c4 Nxb3 13. axb3 a6 14. 0-0 e6 15. Bc3 h6 16. Rfd1 Rh7 17. Rd3 Be7 18. Ba5 Qf4 19. Rad1 c5 20. g3 Qxe4 1/2-1/2

[Event "EU-chT Seniors 10th"]
[Site "Dresden"]
[Date "2008.02.13"]
[Round "3.4"]
[White "Nystrom, Ragnar"]
[Black "Schwier, Manfred"]
[Result "0-1"]
[WhiteElo "2026"]
[BlackElo "2117"]
[PlyCount "44"]
[EventDate "2008.02.11"]
[EventType "team-swiss"]
[EventRounds "9"]
[EventCountry "GER"]
[SourceTitle "CBM 122 Extra"]
[Source "ChessBase"]
[SourceDate "2008.03.04"]
[SourceVersion "1"]
[SourceVersionDate "2008.03.04"]
[SourceQuality "1"]
[WhiteTeam "Sweden II"]
[BlackTeam "Dresden Lokomotiv"]
[WhiteTeamCountry "SWE"]
[BlackTeamCountry "GER"]

1. d4 d5 2. c4 e6 3. Nc3 f5 4. g3 Nf6 5. Bg2 c6 6. Nf3 Be7 7. 0-0 0-0 8. Qc2 Bd7 9. Ne5 Be8 10. f3 Nbd7 11. e4 dxe4 12. fxe4 Nxe5 13. dxe5 Ng4 14. Kh1 Nxe5 15. b3 Bg6 16. Bb2 Qd3 17. Qxd3 Nxd3 18. Rab1 fxe4 19. Ba1 e3 20. Rxf8+ Rxf8 21. Rf1 Bf6 22. Kg1 Bh5 0-1

[Event "GER-ch Seniors 18th"]
[Site "Dresden"]
[Date "2006.07.26"]
[Round "5"]
[White "Schwier, Manfred"]
[Black "Thielemann, Joachim"]
[Result "0-1"]
[WhiteElo "2040"]
[BlackElo "1871"]
[PlyCount "30"]
[EventDate "2006.07.22"]
[EventType "swiss"]
[EventRounds "9"]
[EventCountry "GER"]
[SourceTitle "EXT 2022"]
[Source "ChessBase"]
[SourceDate "2021.10.06"]
[SourceVersion "1"]
[SourceVersionDate "2021.10.06"]
[SourceQuality "1"]

1. e4 e5 2. Nf3 Nf6 3. Nc3 d6 4. d4 Bg4 5. dxe5 Bxf3 6. Qxf3 dxe5 7. Bg5 Be7 8. Rd1 Nbd7 9. Bc4 0-0 10. Ne2 Bd6 11. Ng3 h6 12. h4 Nc5 13. Bd5 Ne6 14. Bxf6 Qxf6 15. Nf5 Rfd8 0-1

[Event "GER-ch Seniors 18th"]
[Site "Dresden"]
[Date "2006.07.22"]
[Round "1"]
[White "Schwier, Manfred"]
[Black "Kapfer, Johannes"]
[Result "1/2-1/2"]
[WhiteElo "2040"]
[BlackElo "1708"]
[PlyCount "78"]
[EventDate "2006.07.22"]
[EventType "swiss"]
[EventRounds "9"]
[EventCountry "GER"]
[SourceTitle "EXT 2022"]
[Source "ChessBase"]
[SourceDate "2021.10.06"]
[SourceVersion "1"]
[SourceVersionDate "2021.10.06"]
[SourceQuality "1"]

1. e4 c5 2. f4 d6 3. Nf3 Nc6 4. Be2 g6 5. c3 Nf6 6. d3 Bg7 7. 0-0 Bd7 8. Na3 a6 9. Qe1 e6 10. Nc4 Qc7 11. e5 dxe5 12. fxe5 Nd5 13. Nd6+ Ke7 14. c4 Nxe5 15. Nxe5 Bxe5 16. Nxf7 Bxh2+ 17. Kh1 Bg3 18. Bg5+ Ke8 19. Qc1 Rf8 20. cxd5 Rxf7 21. Rxf7 Kxf7 22. Qe3 Qe5 23. Rf1+ Kg8 24. Bg4 Re8 25. Rf3 Qxe3 26. Rxe3 Bf2 27. dxe6 Bc6 28. Re2 Bg3 29. Bf3 Bxf3 30. gxf3 Kg7 31. b4 cxb4 32. d4 h6 33. Bc1 Bd6 34. d5 g5 35. Bb2+ Kf8 36. Kg2 Ke7 37. Bg7 h5 38. Bd4 Rc8 39. Be5 Re8 1/2-1/2

[Event "EU-chT Seniors 08th"]
[Site "Dresden"]
[Date "2006.02.21"]
[Round "5"]
[White "Schwier, Manfred"]
[Black "Anguera Maestro, Jaime"]
[Result "0-1"]
[WhiteElo "2131"]
[BlackElo "2220"]
[PlyCount "73"]
[EventDate "2006.02.17"]
[EventType "team-swiss"]
[EventRounds "8"]
[EventCountry "GER"]
[SourceTitle "CBM 111 Extra"]
[Source "ChessBase"]
[SourceDate "2006.05.09"]
[SourceVersion "1"]
[SourceVersionDate "2006.05.09"]
[SourceQuality "1"]
[WhiteTeam "Dresden Lokomotiv"]
[BlackTeam "Catalunya"]
[WhiteTeamCountry "GER"]
[BlackTeamCountry "ESP"]

1. e4 d5 2. e5 c5 3. f4 Nc6 4. Nf3 Bg4 5. Be2 e6 6. 0-0 h5 7. c3 Qb6 8. d3 Nh6 9. Qb3 Qc7 10. Qd1 Be7 11. Na3 a6 12. Nc2 b5 13. d4 Nf5 14. a4 b4 15. Ne3 g6 16. Nxf5 Bxf5 17. Be3 c4 18. Qe1 Rb8 19. Bd2 Na5 20. Bd1 bxc3 21. Bxc3 Nb3 22. Bxb3 Rxb3 23. Rf2 Kd7 24. Ng5 Rf8 25. h3 Qd8 26. Qd2 Qb8 27. Kh2 Bb4 28. Nh7 Rh8 29. Nf6+ Kc6 30. Bxb4 Qxb4 31. Qc1 Rb8 32. Ra2 Rd3 33. Kg1 Rxd4 34. g4 hxg4 35. hxg4 Be4 36. Ra3 Qxa3 37. Nxe4 0-1

[Event "EU-chT Seniors 08th"]
[Site "Dresden"]
[Date "2006.02.20"]
[Round "4"]
[White "Ager, Josef"]
[Black "Schwier, Manfred"]
[Result "1/2-1/2"]
[WhiteElo "2235"]
[BlackElo "2131"]
[PlyCount "118"]
[EventDate "2006.02.17"]
[EventType "team-swiss"]
[EventRounds "8"]
[EventCountry "GER"]
[SourceTitle "CBM 111 Extra"]
[Source "ChessBase"]
[SourceDate "2006.05.09"]
[SourceVersion "1"]
[SourceVersionDate "2006.05.09"]
[SourceQuality "1"]
[WhiteTeam "Oberoesterreich"]
[BlackTeam "Dresden Lokomotiv"]
[WhiteTeamCountry "AUT"]
[BlackTeamCountry "GER"]

1. d4 d5 2. c4 e6 3. Nc3 f5 4. Nf3 Nf6 5. Bf4 c6 6. e3 Be7 7. Bd3 0-0 8. Qc2 Na6 9. a3 Nc7 10. h3 dxc4 11. Bxc4 Ncd5 12. Bh2 Qa5 13. 0-0 Nxc3 14. bxc3 Ne4 15. Rfc1 Nd6 16. Bb3 Qd8 17. Ne5 Kh8 18. c4 Nf7 19. Nd3 Bd7 20. c5 Bf6 21. a4 Qa5 22. Bc4 Rae8 23. Qb2 Bc8 24. Qb3 g5 25. Qd1 Rg8 26. Qe1 Qd8 27. Rd1 g4 28. hxg4 Rxg4 29. f3 Rg7 30. Ra2 Ng5 31. Kh1 Rg6 32. Ne5 Rg7 33. e4 Qe7 34. Re2 fxe4 35. fxe4 Nf7 36. Nf3 Rg4 37. e5 Bg7 38. Re4 Nh6 39. Bd3 Rg8 40. Rxg4 Nxg4 41. Bf4 Bh6 42. Bxh6 Nxh6 43. Qh4 Qxh4+ 44. Nxh4 Ng4 45. Rd2 Rg7 46. Nf3 Bd7 47. Bc4 Ne3 48. Ba2 Nd5 49. a5 a6 50. Bxd5 cxd5 51. Kg1 Rg4 52. Kf2 Bb5 53. Rd1 Kg7 54. Rh1 Kg6 55. Rh4 Rxh4 56. Nxh4+ Kg5 57. g3 h6 58. Ng2 Kf5 59. Kf3 Ba4 1/2-1/2

[Event "Sachsen-ch Seniors 14th"]
[Site "Dresden"]
[Date "2005.07.30"]
[Round "9"]
[White "Schwier, Manfred"]
[Black "Wunderer, Eckart"]
[Result "1-0"]
[WhiteElo "2115"]
[BlackElo "2156"]
[PlyCount "87"]
[EventDate "2005.07.22"]
[EventType "swiss"]
[EventRounds "9"]
[EventCountry "GER"]
[SourceTitle "EXT 2006"]
[Source "ChessBase"]
[SourceDate "2005.11.24"]
[SourceVersion "1"]
[SourceVersionDate "2005.11.24"]
[SourceQuality "1"]

1. e4 d6 2. f4 Nf6 3. d3 e5 4. Nf3 Bg4 5. Be2 Bxf3 6. Bxf3 Nc6 7. c3 Be7 8. Qb3 Rb8 9. 0-0 0-0 10. f5 Nd7 11. Be3 Bg5 12. Bf2 a5 13. Qc2 b5 14. Nd2 Nb6 15. Rad1 Ne7 16. Be2 c6 17. Nf3 Bf6 18. g4 g5 19. Qc1 Kh8 20. Nxg5 Nxf5 21. Nxh7 Kxh7 22. gxf5 Bg5 23. Be3 Rg8 24. Kh1 f6 25. Bh5 Kg7 26. Rg1 Kf8 27. Bxg5 fxg5 28. f6 Nd7 29. Rdf1 Nxf6 30. Rxf6+ Qxf6 31. Rf1 Qf4 32. Bg4 Ke7 33. Rxf4 gxf4 34. h3 Rbf8 35. Qg1 c5 36. Qf2 Rg7 37. Qh4+ Rf6 38. Qh8 Rgf7 39. Qc8 f3 40. Kg1 f2+ 41. Kf1 b4 42. Bf5 Rh6 43. Qd7+ Kf8 44. Qd8+ 1-0

[Event "EU-chT Seniors 07th"]
[Site "Dresden"]
[Date "2005.02.24"]
[Round "7"]
[White "Schwier, Manfred"]
[Black "Johannessen, Svein"]
[Result "0-1"]
[WhiteElo "2142"]
[BlackElo "2291"]
[PlyCount "84"]
[EventDate "2005.02.18"]
[EventType "team-swiss"]
[EventRounds "8"]
[EventCountry "GER"]
[SourceTitle "EXT 2006"]
[Source "ChessBase"]
[SourceDate "2005.11.24"]
[SourceVersion "1"]
[SourceVersionDate "2005.11.24"]
[SourceQuality "1"]

1. e4 c6 2. f4 d5 3. e5 Bf5 4. Nf3 e6 5. d4 c5 6. Bb5+ Nc6 7. c3 Qb6 8. Qa4 c4 9. 0-0 a6 10. Bxc6+ bxc6 11. Nbd2 Ne7 12. Rf2 h5 13. Nf1 Bd3 14. Ng5 Nf5 15. Ne3 Be7 16. Nxf5 Bxf5 17. Be3 Rb8 18. b4 cxb3 19. axb3 f6 20. Nf3 Qxb3 21. Qxc6+ Kf7 22. Bd2 Rb6 23. Qa4 Qxa4 24. Rxa4 Rb1+ 25. Rf1 Rhb8 26. Rxb1 Rxb1+ 27. Kf2 Bd3 28. Ke3 Bb5 29. Ra2 Bc4 30. Ra5 Ke8 31. exf6 gxf6 32. Ne1 Kd7 33. Nc2 Rb3 34. Ra1 Kc6 35. Be1 Kb5 36. Kd2 a5 37. Kc1 a4 38. Bd2 Bd3 39. Rb1 Rxb1+ 40. Kxb1 a3 41. Kc1 a2 42. c4+ Kxc4 0-1